LEADER 01181nam a2200289 a 4500 001 000000130756 003 CaOOAMICUS 005 20121005151345.0 008 121005s2006 it u000 u ita r 020 $a88-424-9257-4 040 $aPUL$bita 100 1 $aForti, Simona.$0(OLS)http://pul/name/52662 245 10$aHannah Arendt tra filosofia e politica /$cSimona Forti. 260 $aMilano :$bBruno Mondadori,$cİ2006. 300 $aXXIX, 382 p. ;$c21 cm 490 1 $aEconomica ;$v39 600 14$aArendt, Hannah,$d1906-1975$xPolitica.$0(OLS)http://pul/subject/38456 600 14$aArendt, Hannah,$d1906-1975$xFilosofia.$0(OLS)http://pul/subject/39063 830 0$aEconomica (Bruno Mondadori) ;$v39.$0(OLS)http://pul/title/131978 850 $aPUL 852 $aPUL$W1$xDP1 Fondo E. Rossi$y115$m1 A 69$j99541$qFondi$B149892$CPULBib$Z2$F149892 $82 941 1 $a1 961 $aSul dorso collocazione ms. di E. Rossi: A 52 2 996 $6020$a88-424-9257-4$9(OLS)http://pul/number/150770 996 $6245$aHannah Arendt tra filosofia e politica$9(OLS)http://pul/title/165242 996 $6260$aMilano :$bBruno Mondadori$9(OLS)http://pul/publisher/60338 LEADER 02038nam a2200397 u 4500 001 000000127130 003 CaOOAMICUS 005 20150717132643.0 008 111121s1994 it u000 u ita r 040 $aPUL$bita 245 00$aApocrifi del Nuovo Testamento /$ca cura di Luigi Moraldi. 260 $aCasale Monferrato :$bPiemme,$c1994. 300 $a3 v.$c24 cm 504 $aContiene bibliografia in nota e "scelta". 505 0 $aV. 1. Vangeli. -- v.2. Atti degli Apostoli. -- v.3. Lettere ; Dormizione di Maria ; Apocalissi. 700 1 $aMoraldi, Luigi,$cI.M.C.$0(OLS)http://pul/name/13567 740 0 $aLettere. 740 0 $aAtti degli Apostoli. 740 0 $aVangeli. 740 0 $aDormizione di Maria. 740 0 $aApocalissi. 850 $aPUL 852 $aPUL$W1$xSL Cons. Gen., Altre Classi 1$y1$m2004 D 8$j94539$av.1$qStampati$B145708$CPULBib$Z2$F145708 $H71251 $82 852 $aPUL$W1$xSL Cons. Gen., Altre Classi 1$y1$m2004 D 10$j147014$av.3$qStampati$B145710$CPULBib$Z2$F145710 $H71253 $82 852 $aPUL$W1$xSL Cons. Gen., Altre Classi 1$y1$m2004 D 9$j147013$av.2$qStampati$B145709$CPULBib$Z2$F145709 $H71252 $82 852 $aPUL$W1$xDP1 Fondo S. Lanza$y121$m3 K 43.1$j167565$av.1$qFondi$B168139$CPULBib$Z2$F168139 $HLAN524 $82 852 $aPUL$W1$xDP1 Fondo S. Lanza$y121$m5 K 43.2$j167566$av.2$qFondi$B168140$CPULBib$Z2$F168140 $HLAN525 $82 941 1 $a1 941 1 $a8 996 $6245$aApocrifi del Nuovo Testamento$9(OLS)http://pul/title/77695 996 $6740$aLettere$9(OLS)http://pul/title/23909 996 $6740$aAtti degli Apostoli$9(OLS)http://pul/title/160615 996 $6740$aVangeli$9(OLS)http://pul/title/160614 996 $6740$aDormizione di Maria$9(OLS)http://pul/title/89860 996 $6740$aApocalissi$9(OLS)http://pul/title/89861 996 $6260$aCasale Monferrato :$bPiemme$9(OLS)http://pul/publisher/51813